[Event "PHI-ch U12"]
[Site "San Antonio"]
[Date "2014.04.24"]
[Round "7"]
[White "Caresosa, Japheth Aaron"]
[Black "Caalim, Hadji Ray"]
[Result "0-1"]
[WhiteElo "1841"]
[BlackElo "1757"]
[PlyCount "54"]
[EventDate "2014.04.21"]
[EventType "swiss"]
[EventRounds "13"]
[EventCountry "PHI"]
[SourceTitle "CBM 160 Extra"]
[Source "ChessBase"]
[SourceDate "2014.07.01"]
[SourceVersion "1"]
[SourceVersionDate "2014.07.01"]
[SourceQuality "1"]

1. e4 c5 2. Nf3 d6 3. d4 cxd4 4. Nxd4 Nf6 5. Nc3 a6 6. Bg5 e6 7. f4 Be7 8. Qf3 Nbd7 9. 0-0-0 Qc7 10. g4 b5 11. a3 Bb7 12. Bg2 Rc8 13. Rhe1 Nc5 14. Qe2 Qa5 15. Bxf6 gxf6 16. e5 Bxg2 17. Qxg2 dxe5 18. Nc6 Qc7 19. Nxe7 Kxe7 20. Qe2 e4 21. f5 Qf4+ 22. Kb1 Rhd8 23. b4 Rxd1+ 24. Rxd1 Qe5 25. Qe3 Nd3 26. Qxe4 Rxc3 27. Qxe5 Nxe5 0-1

[Event "PHI-ch U12"]
[Site "San Antonio"]
[Date "2014.04.24"]
[Round "6"]
[White "Polan, Reishi Boy"]
[Black "Caresosa, Japheth Aaron"]
[Result "1/2-1/2"]
[WhiteElo "1739"]
[BlackElo "1841"]
[PlyCount "162"]
[EventDate "2014.04.21"]
[EventType "swiss"]
[EventRounds "13"]
[EventCountry "PHI"]
[SourceTitle "CBM 160 Extra"]
[Source "ChessBase"]
[SourceDate "2014.07.01"]
[SourceVersion "1"]
[SourceVersionDate "2014.07.01"]
[SourceQuality "1"]

1. e4 d6 2. d4 Nf6 3. Nc3 c6 4. Be2 Qa5 5. Be3 Nxe4 6. Bd2 Nxd2 7. Qxd2 Bf5 8. Nf3 e5 9. dxe5 dxe5 10. Qe3 Nd7 11. Bd3 Bxd3 12. cxd3 0-0-0 13. 0-0 Bd6 14. Ne4 Bc7 15. b4 Qa6 16. a4 f5 17. Neg5 Nf6 18. Nf7 Rxd3 19. Qg5 Re8 20. Qxf5+ Kb8 21. b5 Rxf3 22. Qxf3 cxb5 23. axb5 Qe6 24. Ng5 Qc4 25. Rab1 Qh4 26. Qg3 Qh5 27. Nh3 Ne4 28. Qe3 Qf5 29. Rfe1 Nf6 30. Qg5 Qd7 31. Red1 Qf7 32. Qf5 Qc4 33. Qd3 Qh4 34. Qg3 Qe4 35. Re1 Qd5 36. Red1 Qe4 37. Qd3 Qh4 38. Qg3 Qe4 39. Re1 Qd5 40. Qb3 Qd2 41. Rbd1 Qh6 42. Qf7 g5 43. Rd7 Rc8 44. Qg7 Qxg7 45. Rxg7 g4 46. Ng5 Ba5 47. Rb1 Nd5 48. Rxh7 Nc3 49. Ra1 Nxb5 50. h4 Bb6 51. h5 g3 52. Ne4 gxf2+ 53. Kf1 Rc4 54. Rg7 Rxe4 55. g3 Rd4 56. h6 Rd6 57. Rc1 a5 58. h7 Rh6 59. Rg8+ Ka7 60. h8Q Rxh8 61. Rxh8 e4 62. Rb1 Nc3 63. Ra8+ Kxa8 64. Rxb6 Ka7 65. Rb3 Nd5 66. g4 e3 67. g5 Ka6 68. Rd3 Nf4 69. Rxe3 Kb5 70. Rf3 Ng6 71. Rf6 Nh8 72. Kxf2 a4 73. Ke2 a3 74. Rf8 Ng6 75. Ra8 Kb4 76. Kd2 b5 77. Kc2 Kc4 78. Rxa3 b4 79. Ra8 Kd5 80. Rg8 Ne7 81. Re8 Ke6 1/2-1/2

[Event "PHI-ch U12"]
[Site "San Antonio"]
[Date "2014.04.22"]
[Round "2"]
[White "Caresosa, Japheth Aaron"]
[Black "Canasta, Sem"]
[Result "1-0"]
[WhiteElo "1841"]
[BlackElo "1751"]
[PlyCount "119"]
[EventDate "2014.04.21"]
[EventType "swiss"]
[EventRounds "13"]
[EventCountry "PHI"]
[SourceTitle "CBM 160 Extra"]
[Source "ChessBase"]
[SourceDate "2014.07.01"]
[SourceVersion "1"]
[SourceVersionDate "2014.07.01"]
[SourceQuality "1"]

1. e4 c6 2. d4 d5 3. Nc3 dxe4 4. Nxe4 Bf5 5. Ng3 Bg6 6. h4 h6 7. Nf3 Nf6 8. Bd3 Bxd3 9. Qxd3 e6 10. Bd2 Bd6 11. Ne4 Nxe4 12. Qxe4 Qb6 13. 0-0-0 Nd7 14. c4 Nf6 15. Qe2 Bb4 16. Bf4 0-0-0 17. c5 Qa6 18. Qxa6 bxa6 19. Ne5 Nd5 20. Bg3 Rdf8 21. a3 Ba5 22. Nxc6 Bc7 23. Bxc7 Kxc7 24. Ne5 Rb8 25. Kc2 f6 26. Nc4 Rhf8 27. Rd2 Kc6 28. Re1 Rfe8 29. g3 Re7 30. Rde2 e5 31. f4 g5 32. hxg5 hxg5 33. fxe5 f5 34. e6 f4 35. Ne5+ Kc7 36. Ng6 Rg7 37. Ne5 Re8 38. Ng4 fxg3 39. Re5 Kc6 40. Rxd5 Rxe6 41. Rde5 Reg6 42. Kc3 Rf7 43. Re7 Rxe7 44. Rxe7 Kb5 45. Kb3 a5 46. a4+ Ka6 47. Re3 g2 48. Rg3 Re6 49. Rxg2 Re4 50. Kc4 Kb7 51. Kd5 Rf4 52. Ne5 Rf5 53. Ke6 Rf4 54. d5 Rxa4 55. Rxg5 Rd4 56. Rg7+ Kb8 57. Nc6+ Kc8 58. Nxd4 a4 59. Kd6 a3 60. c6 1-0